The Legal status of women In Turkey (Record no. 122)

MARC details
000 -LEADER
fixed length control field 007110000a22002290004500
003 - CONTROL NUMBER IDENTIFIER
control field LK-CoMWRAF
005 - DATE AND TIME OF LATEST TRANSACTION
control field 20240229151745.0
008 - FIXED-LENGTH DATA ELEMENTS--GENERAL INFORMATION
fixed length control field 230817t1996 ||||| |||| 00| 0 eng d
020 ## - INTERNATIONAL STANDARD BOOK NUMBER
International Standard Book Number 975701401X
040 ## - CATALOGING SOURCE
Original cataloging agency LK-CoMWRAF
Modifying agency LK-CoMWRAF
Description conventions LK-CoMWRAF
041 ## - LANGUAGE CODE
Language code of text/sound track or separate title English
082 ## - DEWEY DECIMAL CLASSIFICATION NUMBER
Classification number 305.49
Item number ARI
942 ## - ADDED ENTRY ELEMENTS (KOHA)
Koha item type Books
100 ## - MAIN ENTRY--PERSONAL NAME
Personal name Arin, Canan
245 ## - TITLE STATEMENT
Title The Legal status of women In Turkey
260 ## - PUBLICATION, DISTRIBUTION, ETC. (IMPRINT)
Place of publication, distribution, etc. Istanbul:
Name of publisher, distributor, etc. Women for women's human rights,
Date of publication, distribution, etc. 1997
300 ## - PHYSICAL DESCRIPTION
Extent 42 p.
490 ## - SERIES STATEMENT
Series statement Women for women's human rights
Volume/sequential designation No.1
856 ## - ELECTRONIC LOCATION AND ACCESS
Uniform Resource Identifier <a href="https://kadinininsanhaklari.org/wp-content/uploads/2021/07/The-Legal-Status-of-Women-in-Turkey.pdf">https://kadinininsanhaklari.org/wp-content/uploads/2021/07/The-Legal-Status-of-Women-in-Turkey.pdf</a>
650 ## - SUBJECT ADDED ENTRY--TOPICAL TERM
Topical term or geographic name as entry element FEMINISM-Turkey
650 ## - SUBJECT ADDED ENTRY--TOPICAL TERM
Topical term or geographic name as entry element Women-Legal aspects-Turkey
Holdings
Withdrawn status Lost status Damaged status Not for loan Permanent Location Current Location Date acquired Full call number Barcode Koha item type
        Resource center, Muslim Women's Research And Action Forum Resource center, Muslim Women's Research And Action Forum 2023-08-17 305.49 ARI RAF3969 Books

Copyright © 2023 Muslim Women's Research and Action Forum (MWRAF), No 27/3, Anderson Road, Kalubowila, Dehiwela. Funded by The Asia Fundation